000 00480nam a2200169Ia 4500
999 _c12437
_d12437
003 OSt
005 20201005160855.0
008 190216s9999||||xx |||||||||||||| ||und||
040 _coclc
082 _a822.33
_bWIL/R
100 _aWilson, John Dover
_94919
245 0 _aRichard III /
_cJohn Dover Wilson
260 _bCambridge Uty Press,
_c1968.
_aLondon:
300 _a280p
650 _aEnglish Drama
942 _cBK
_2ddc
_h822.33
_iWIL/R
_k822.33
_mWIL/R